KOHA-Header-6

Foundations of Financial Markets And Institutions (Record no. 9982)

000 -LEADER
fixed length control field 00286nam a2200109Ia 4500
100 ## - MAIN ENTRY--AUTHOR NAME
Personal name Fabozzi, Modigliani
245 #0 - TITLE STATEMENT
Title Foundations of Financial Markets And Institutions
260 ## - PUBLICATION, DISTRIBUTION, ETC. (IMPRINT)
Place of publication India
Name of publisher Dorling
Year of publication 2008
300 ## - PHYSICAL DESCRIPTION
Number of Pages 652
942 ## - ADDED ENTRY ELEMENTS (KOHA)
Koha item type Books
Holdings
Withdrawn status Lost status Collection code Permanent Location Current Location Shelving location Date acquired Full call number Accession Number Koha item type
    Banking MAJU MAJU Shelf No.A45 2019-09-14 658.15 6050 Banking

Powered by Koha